Incertidumbre empresarial: cómo fijar el rumbo cuando el rumbo cambia
Gardado en:
| Main Authors: | , |
|---|---|
| Formato: | Libro |
| Idioma: | Lingua castelá |
| Publicado: |
Madrid
Pearson Educación
2002
Madrid Prentice-Hall 2002 |
| Subjects: | |
| Tags: |
Engadir etiqueta
Sen Etiquetas, Sexa o primeiro en etiquetar este rexistro!
|
MARC
| LEADER | 00000nam a2200000 a 4500 | ||
|---|---|---|---|
| 001 | UCM2750 | ||
| 003 | CL-VaPUC | ||
| 008 | 020613e20020000sp |||||||||||||||||spa|d | ||
| 082 | 0 | 4 | |a 658.406 |b HOD |2 21 |
| 100 | 0 | |a Hodgson, Philip |e author |9 469530 | |
| 700 | 0 | |a White, Randall P |e author |9 469531 | |
| 245 | 1 | 0 | |a Incertidumbre empresarial: cómo fijar el rumbo cuando el rumbo cambia |
| 300 | |a 191 p | ||
| 942 | |c BK | ||
| 945 | |d 20020613 00:00:00 |a cmena | ||
| 260 | |a Madrid |b Pearson Educación |c 2002 | ||
| 260 | |a Madrid |b Prentice-Hall |c 2002 | ||
| 650 | 7 | |a GESTION DEL CAMBIO |2 CL-VaPUC |9 435350 | |
| 650 | 0 | |a Planificación estratégica |9 259735 | |
| 650 | 0 | |a Motivación |9 315362 | |
| 650 | 0 | |a Liderazgo |9 271835 | |
| 583 | |a last modification |c 20171204 01:20:47 |k Rodrigo Vera | ||
| 999 | |c 300471 |d 300469 | ||
| 952 | |0 0 |1 0 |4 0 |6 658_406000000000000_HOD_2002_2002 |7 0 |8 A |9 358296 |a BIBENE |b BIBENE |d 2019-11-21 |i 3819892 |o 658.406 HOD 2002 2002 |p 3819892 |r 2025-01-15 |w 2019-11-21 |y BK |k ICO | ||